[Event "23rd ETCC Open 2021"]
[Site "Catez"]
[Date "2021.11.16"]
[Round "5.13"]
[White "Giri, Anish"]
[Black "Indjic, Aleksandar"]
[Result "1/2-1/2"]
[WhiteElo "2774"]
[BlackElo "2612"]
[Annotator "TA"]
[PlyCount "103"]
[EventDate "2021.11.08"]
[EventType "team-tourn"]
[EventCountry "SLO"]
[SourceTitle "playchess.com"]
[Source "ChessBase"]
[SourceQuality "1"]
[WhiteTeam "Netherlands"]
[BlackTeam "Serbia"]
[WhiteTeamCountry "NED"]
[BlackTeamCountry "SRB"]

{[%evp 19,103,11,11,10,16,19,13,9,9,19,16,5,23,8,9,0,41,40,43,20,72,33,69,76,
77,75,85,81,87,87,100,89,135,112,112,119,131,127,122,123,133,130,125,105,104,
100,102,99,100,104,110,101,117,117,105,91,89,72,72,69,69,69,95,95,125,62,62,56,
40,47,54,8,16,7,70,23,23,23,23,7,7,7,8,8,8,0]} 1. d4 Nf6 2. c4 e6 3. Nf3 d5 4.
Nc3 Nbd7 5. cxd5 exd5 6. Qc2 c6 7. Bg5 Be7 8. e3 Nh5 9. Bxe7 Qxe7 10. O-O-O Nb6
11. Bd3 $1 {[%mdl 4] now scores much better than the old 11.h3. D36: Queen's
Gambit Declined: Exchange Variation: Main line (5 Bg5 c6 6 Qc2).} Bg4 12. Kb1 (
{Much weaker is} 12. Bxh7 g6 $17) 12... g6 13. Rc1 Bxf3 14. gxf3 Qh4 {[#]} 15.
Rcg1 $5 $146 {[%mdl 8] New and interesting.} ({Predecessor:} 15. f4 O-O 16. f5
Kh8 17. Rhg1 Rg8 18. Qe2 Nf6 19. Qf3 Rae8 20. Ka1 Nc8 21. Rg3 {1/2-1/2 (31)
Fressinet,L (2633)-Kuzubov,Y (2652) Hungary 2019}) 15... Ng7 16. Rg4 Qe7 17. f4
f5 18. Rg2 Qh4 19. Ne2 {[%cal Bc3e2,Be2g1,Bg1f3][%mdl 32]} Nd7 (19... O-O-O $11
{keeps the balance.}) 20. Ng1 O-O-O 21. Rg5 Ne6 22. Nf3 Qh6 23. Rgg1 Qf8 24. h4
Kb8 25. h5 Qf6 26. b4 Rc8 27. a3 Ng7 28. Ne5 Nxe5 29. fxe5 Qf7 30. hxg6 hxg6
31. f4 {Black must now prevent Rxh8.} Ne6 32. Qg2 {aiming for Rxh8.} Rxh1 33.
Rxh1 a6 34. Rh6 Rg8 35. Qh2 Ka7 36. Kb2 Rg7 37. Bc2 Nf8 38. Qh4 Qe7 39. Qxe7 (
39. Qe1 {looks sharper.} Rh7 40. Rxh7 Nxh7 41. Bd3 Nf8 42. Kb3) 39... Rxe7 $16
{[%mdl 4096] Endgame KRB-KRN} 40. Rh8 Rf7 41. Rg8 Kb6 42. a4 ({White should
play} 42. Kb3 $16) 42... Kc7 $14 43. b5 {[#] Threatens to win with bxa6.} a5
44. Bd3 Kd7 $1 45. Rh8 Ke8 46. Rh2 {With the idea Rc2.} Rc7 (46... Rh7 $11 47.
Rc2 Kd7) 47. bxc6 bxc6 48. Kc3 Rb7 49. Rb2 Rxb2 {The position is equal.} 50.
Kxb2 Ne6 51. Kc3 Kd7 52. Kd2 {Weighted Error Value: White=0.10/Black=0.10}
1/2-1/2

[Event "23rd ETCC Open 2021"]
[Site "Catez"]
[Date "2021.11.16"]
[Round "5.14"]
[White "Ivic, Velimir"]
[Black "Van Foreest, Lucas"]
[Result "1/2-1/2"]
[WhiteElo "2620"]
[BlackElo "2532"]
[Annotator "TA"]
[PlyCount "111"]
[EventDate "2021.11.08"]
[EventType "team-tourn"]
[EventCountry "SLO"]
[SourceTitle "playchess.com"]
[Source "ChessBase"]
[SourceQuality "1"]
[WhiteTeam "Serbia"]
[BlackTeam "Netherlands"]
[WhiteTeamCountry "SRB"]
[BlackTeamCountry "NED"]

{[%evp 17,111,17,25,25,26,21,22,20,31,20,24,16,18,18,18,16,17,23,15,12,26,20,
15,0,0,0,1,5,20,0,0,-7,0,0,0,0,0,0,0,0,37,30,31,0,0,0,627,-8,0,-23,7,-56,0,-59,
-63,-66,-66,-66,-66,-70,-66,-90,-115,-216,-16,-24,0,0,0,-46,0,0,0,-41,-45,-49,
-50,-50,0,0,0,0,0,0,0,0,0,-33,0,0,0,0,0,0,0,0]} 1. e4 c5 2. Nf3 a6 3. c4 Nc6 4.
d4 cxd4 5. Nxd4 Nf6 6. Nc3 e5 7. Nf5 d5 8. cxd5 Bxf5 9. exf5 Nd4 10. Bd3 {
B28: Sicilian: 2 Nf3 a6 (O'Kelly Variation).} Be7 11. O-O O-O $1 12. Re1 Nxd5
13. Nxd5 Qxd5 14. Qg4 {With the idea Bh6!} Bf6 {[#]} 15. h4 $146 ({Predecessor:
} 15. Bh6 Kh8 16. Bxg7+ Bxg7 17. f6 Bh6 18. Be4 Qe6 19. Qh4 Nf5 20. Bxf5 Qxf5
21. Qxh6 Rg8 22. f3 Rg6 23. Qe3 Qh3 24. Qf2 Rag8 25. g4 h5 26. Kh1 {1/2-1/2 
(26) Molina Mendoza,O (2177)-Hernandez Morales,D (1761) Mexico City 2021})
15... Rac8 16. Be4 Qd7 17. Bh6 Kh8 18. Bg5 Qe7 19. Rad1 h6 20. Bxf6 Qxf6 21.
Qh5 Rcd8 22. Rd3 Kh7 23. Kh1 Rd6 24. Qg4 Kh8 25. Rc1 Rfd8 26. g3 Nb5 27. Rxd6
Nxd6 28. Kg2 Rd7 29. Rc5 Qe7 30. f6 gxf6 31. Bb1 Qe6 $2 {[%mdl 8192] [#]} (
31... Rd8 $11) 32. Qe2 $2 ({White must play} 32. Bf5 $1 $18 {[%cal Rf5e6][%mdl
512]} Qxf5 {[#]} 33. Rc8+ $3 {[%mdl 576] Deflection} Nxc8 34. Qxf5) 32... Kg7 (
32... e4 {with more complications.} 33. Bc2 f5 34. Qe3 Kg7 35. a4 Re7) 33. a4
b6 34. Rc1 (34. Rc6 $11) 34... b5 (34... f5 $15) 35. Rd1 (35. axb5 $11 Nxb5 36.
Qc2) 35... Nc4 $15 ({Much weaker is} 35... bxa4 $6 36. Qxa6 f5 37. Bc2 $14) 36.
axb5 {Hoping for Rxd7.} Rxd1 37. Qxd1 axb5 38. b3 Nd6 39. Qc2 e4 40. b4 (40.
Qc3 $17 {is a better defense.}) 40... Qe5 $2 (40... Qg4 $19 41. Kh2 Qf3) 41.
Qc5 $11 Kf8 42. Qe3 Kg7 43. Qc5 Qb2 {Strongly threatening ...e3.} 44. Qxd6 Qxb1
{[%mdl 4096] Endgame KQ-KQ} 45. Qc5 Qd3 46. Qh5 Qd7 47. Qc5 Qe8 48. Qf5 Qc6 {
...e3+ is the strong threat.} 49. Kh2 Qc2 50. Qg4+ Kf8 {And now ...e3 would
win.} 51. Qf4 Ke7 52. h5 Qc4 53. Qxh6 {The position is equal.} Qe2 54. Kg1 Qd1+
55. Kh2 Qe2 56. Kg1 {Weighted Error Value: White=0.29/Black=0.30} 1/2-1/2

[Event "23rd ETCC Open 2021"]
[Site "Catez"]
[Date "2021.11.16"]
[Round "5.15"]
[White "Van Foreest, Jorden"]
[Black "Ivanisevic, Ivan"]
[Result "1-0"]
[WhiteElo "2701"]
[BlackElo "2604"]
[Annotator "TA"]
[PlyCount "83"]
[EventDate "2021.11.08"]
[EventType "team-tourn"]
[EventCountry "SLO"]
[SourceTitle "playchess.com"]
[Source "ChessBase"]
[SourceQuality "1"]
[WhiteTeam "Netherlands"]
[BlackTeam "Serbia"]
[WhiteTeamCountry "NED"]
[BlackTeamCountry "SRB"]

{[%evp 11,83,5,13,10,28,23,32,14,17,8,47,14,12,20,18,34,45,48,37,35,53,33,37,
19,0,4,29,12,54,10,52,13,54,54,64,50,143,138,139,138,136,124,488,498,493,470,
495,495,657,657,650,652,643,642,610,587,697,674,1168,1035,830,585,577,552,555,
538,608,525,501,506,29963,29964,29962,29964]} 1. e4 e5 2. Nf3 Nc6 3. Bc4 Nf6 4.
d3 Be7 5. O-O O-O 6. Nc3 d6 7. a4 {7.a3 is setting a new trend. C55: Two
Knights: 4 d3, 4 d4 exd4 5 e5 and Max Lange Attack.} a5 8. Re1 {[#]} Nb4 $146 (
{Predecessor:} 8... h6 9. h3 Re8 10. Be3 Bf8 11. d4 exd4 12. Nxd4 Ne5 13. Bb3
c6 14. f4 Ng6 15. Qd3 {1/2-1/2 (61) Grischuk,A (2773)-Le Goff,R (2288) Chess.
com INT 2021}) 9. Ne2 {White is slightly better.} Bg4 10. Ng3 c6 11. c3 d5 12.
exd5 Bxf3 13. gxf3 cxd5 14. Bb5 Nc6 15. f4 $1 {[%cal Rf4e5]} exf4 16. Bxf4 Bd6
17. Qf3 (17. Bd2 {keeps more tension.} Bc7 18. d4 Qd6 19. Qf3 Rae8 20. Bd3)
17... Bxf4 18. Qxf4 Ne7 19. Qd4 Ng6 20. Re3 Qc7 21. Rae1 Rad8 22. Nf5 Kh8 23.
Kh1 Qc8 {[#]} (23... b6 $14) 24. Rf3 $1 $16 {Black must now prevent Nxg7!} Nh5
25. Qg4 Nf6 26. Qg5 h6 $2 {[%mdl 8192] This move loses the game for Black.} (
26... Ne8 $16) 27. Nxh6 $1 $18 {Hoping for Rxf6.} Nh7 28. Qh5 gxh6 29. Qxh6
Rde8 30. Bxe8 ({Weaker is} 30. Rxe8 Rxe8 31. Bxe8 (31. Rxf7 $2 {gets mated.}
Re1+ 32. Kg2 Qg4#) 31... Qxe8 $16) 30... Rxe8 31. Rg1 Re7 32. Rh3 {[%csl Gh3]
[%cal Rh6h7]} Qg8 33. f4 d4 34. f5 Re2 35. fxg6 fxg6 36. Qf4 Qd5+ 37. Qf3 Qxf3+
38. Rxf3 Rxb2 39. Rxg6 dxc3 40. Rfg3 {[%csl Gg3][%cal Rg6g8]} Nf8 (40... Rb1+
$18 41. Kg2 Nf8 42. Rg8+ Kh7 43. R3g7+ (43. Rxf8 c2 $16) 43... Kh6) 41. Rg8+ {
[%mdl 64] [#] Double Attack} Kh7 42. Rxf8 {Weighted Error Value: White=0.16/
Black=0.58} 1-0

[Event "23rd ETCC Open 2021"]
[Site "Catez"]
[Date "2021.11.16"]
[Round "5.16"]
[White "Markus, Robert"]
[Black "Warmerdam, Max"]
[Result "1/2-1/2"]
[WhiteElo "2609"]
[BlackElo "2608"]
[Annotator "TA"]
[PlyCount "48"]
[EventDate "2021.11.08"]
[EventType "team-tourn"]
[EventCountry "SLO"]
[SourceTitle "playchess.com"]
[Source "ChessBase"]
[SourceQuality "1"]
[WhiteTeam "Serbia"]
[BlackTeam "Netherlands"]
[WhiteTeamCountry "SRB"]
[BlackTeamCountry "NED"]

{[%evp 18,48,0,0,0,0,0,0,0,-44,0,2,12,-4,12,-17,-7,-33,-22,-40,-24,-35,-39,
-101,-39,-116,-87,-146,0,-123,0,-160,0]} 1. Nf3 Nf6 2. g3 c5 3. Bg2 g6 4. O-O
Bg7 5. d3 d5 6. Nbd2 Nc6 7. e4 O-O 8. Re1 e5 9. exd5 Nxd5 10. Nc4 {[%cal Rf3e5]
} f6 {A08: King's Indian Attack.} 11. Nfd2 Be6 12. Ne4 Qe7 {[#] The position
is equal.} 13. c3 $146 ({Predecessor:} 13. f4 exf4 14. gxf4 Rad8 15. Qf3 Nd4
16. Qf2 Nb4 17. Na3 h6 18. Be3 f5 19. Ng3 {0-1 (37) Venkatesh,M (2464)
-Sethuraman,S (2651) Thiruvarur 2015}) 13... Rfd8 14. Qe2 Bf7 15. a4 h6 16. g4
Rd7 17. a5 Rad8 18. Ng3 Qf8 19. Be4 Nce7 20. Ra4 (20. h4 $15) 20... Kh8 ({
Better is} 20... Nf4 $17 21. Bxf4 exf4) 21. Bg2 (21. Qf3 $15) 21... Nc6 22. Be4
(22. Qe4 $142) 22... Nce7 23. Bg2 $1 Nc6 24. Be4 $1 {[#]} Nce7 $2 {Weighted
Error Value: White=0.13/Black=0.29} (24... Nf4 $1 $17 {[%cal Rf4e2]} 25. Bxf4
exf4 26. Bxc6 bxc6) 1/2-1/2

[Event "23rd ETCC Open 2021"]
[Site "Catez"]
[Date "2021.11.16"]
[Round "5.17"]
[White "Jobava, Baadur"]
[Black "Korobov, Anton"]
[Result "1/2-1/2"]
[WhiteElo "2582"]
[BlackElo "2684"]
[Annotator "TA"]
[PlyCount "115"]
[EventDate "2021.11.08"]
[EventType "team-tourn"]
[EventCountry "SLO"]
[SourceTitle "playchess.com"]
[Source "ChessBase"]
[SourceQuality "1"]
[WhiteTeam "Georgia"]
[BlackTeam "Ukraine"]
[WhiteTeamCountry "GEO"]
[BlackTeamCountry "UKR"]

{[%evp 9,115,23,25,17,35,15,8,0,25,-5,16,20,23,18,30,0,0,3,14,18,15,6,12,15,23,
23,58,73,77,79,81,74,112,106,172,160,140,58,29,0,0,0,0,0,0,0,0,0,51,51,43,32,
50,21,50,42,60,63,65,0,0,0,0,0,0,0,0,0,256,0,0,0,0,0,0,0,0,0,0,0,0,0,0,0,0,0,0,
0,0,0,0,0,0,0,0,0,0,0,0,-10,-8,-8,-10,-10,0,0,0,0]} 1. e4 c5 2. Nf3 d6 3. Bb5+
Nd7 4. c3 Ngf6 5. Bd3 b6 6. O-O {B51: Sicilian: Moscow Variation (3 Bb5+)
without 3...Bd7.} Bb7 7. Qe2 Qc7 8. Bc2 Rc8 9. d3 e6 {[#]} 10. a4 $146 ({
Predecessor:} 10. Bg5 Be7 11. Nbd2 h6 12. Bh4 O-O 13. Rac1 Ne5 14. d4 Ng6 15.
Bg3 Nh5 16. Qe3 cxd4 17. Nxd4 {1/2-1/2 (64) Efimenko,Z (2602)-Korobov,A (2688)
Chess.com INT 2020}) 10... Be7 11. Na3 a6 12. d4 cxd4 13. cxd4 d5 14. e5 Bxa3
15. Bd3 Be7 {White must now prevent ...Ne4.} 16. exf6 Nxf6 17. Ne5 Qd6 18. Bxa6
Bxa6 19. Qxa6 O-O 20. Qb5 Ra8 {[#]} 21. Bf4 $1 Ra5 {[#]} (21... Rfc8 $16 {
was necessary.}) 22. Qe2 $1 $18 Rfa8 23. Rfc1 (23. g3 $16) 23... b5 $1 $14 24.
Nxf7 Qxf4 25. Qxe6 Ne4 26. Ne5+ Kh8 27. Rc2 Qf6 28. Qxd5 Nd6 (28... Ng5 $11)
29. b4 {[%mdl 1024] White has compensation.} R5a6 30. a5 h6 31. Re1 Kh7 32. g3
Qf5 33. Rc3 Bg5 {Threatening ...Bd2.} 34. Kg2 (34. Qa2 $14 Bf6 35. Rc5) 34...
Bd2 $11 ({Of course not} 34... Rf8 $6 35. Rf3 $16) 35. Rf3 Qc2 $36 {[%mdl 2048]
Black has some pressure.} 36. Re2 {Threatens to win with Rd3.} Qd1 37. Re4 Nxe4
38. Qxe4+ Kh8 $2 {[%mdl 8192]} (38... Kg8 $1 $11 {and Black has nothing to
worry.}) 39. d5 $2 (39. Ng6+ $18 Kg8 40. Qd5+ Kh7 41. Nf8+ Rxf8 42. Rxf8 Bxb4
43. Qf5+ Rg6 44. h4) 39... Bxb4 {The position is equal.} 40. d6 Bxd6 41. Nf7+
Kg8 {Hoping for ...Bc5.} 42. Nxh6+ gxh6 43. Qg6+ Kh8 44. Qxh6+ Kg8 45. Qe6+ Kh8
46. Qh6+ Kg8 47. Qg6+ Kh8 {Strongly threatening ...Bf4!} 48. Rf5 {Threatening
mate with Qh6+.} Bf8 ({Not} 48... Rxa5 49. Qh6+ Kg8 50. Rg5+ Kf7 51. Rg7+ Ke8
52. Qe6+ Kf8 53. Rg8#) 49. Rh5+ Qxh5 $1 50. Qxh5+ Kg8 51. Qxb5 (51. Qd5+ {
keeps more tension.} Kh8 52. Qe5+ Bg7 53. Qh5+ Kg8 54. Qd5+) 51... Rxa5 52.
Qc4+ Kh8 53. h4 Bg7 54. f4 Ra3 55. Qc5 Rd3 56. Kh3 Raa3 57. Qh5+ Kg8 58. Qe8+ {
Weighted Error Value: White=0.14/Black=0.15} 1/2-1/2

[Event "23rd ETCC Open 2021"]
[Site "Catez"]
[Date "2021.11.16"]
[Round "5.18"]
[White "Volokitin, Andrei"]
[Black "Sanikidze, Tornike"]
[Result "1-0"]
[WhiteElo "2656"]
[BlackElo "2458"]
[Annotator "TA"]
[PlyCount "69"]
[EventDate "2021.11.08"]
[EventType "team-tourn"]
[EventCountry "SLO"]
[SourceTitle "playchess.com"]
[Source "ChessBase"]
[SourceQuality "1"]
[WhiteTeam "Ukraine"]
[BlackTeam "Georgia"]
[WhiteTeamCountry "UKR"]
[BlackTeamCountry "GEO"]

{[%evp 26,69,21,33,26,46,44,25,90,47,170,154,196,183,304,304,299,292,308,300,
516,511,522,514,715,738,707,813,795,779,778,777,1644,1652,1235,1653,1404,1506,
1653,1679,1647,1462,1880,1756,29976,29977]} 1. e4 e6 2. d4 d5 3. Nc3 Bb4 4. e5
c5 5. a3 Bxc3+ 6. bxc3 Ne7 7. Qg4 Qc7 8. Qxg7 Rg8 9. Qxh7 cxd4 10. Ne2 Nbc6 11.
f4 dxc3 12. Nxc3 a6 13. Qd3 Bd7 14. Ne2 Na5 {C18: French: 3 Nc3 Bb4: Main line:
7 h4 and 7 Qg4.} 15. Nd4 Nec6 {Threatening ...Nxd4.} 16. Nf3 O-O-O (16... Ne7
$11 {remains equal.}) 17. Rb1 {[#]} f6 $146 (17... Na7 $14) ({Predecessor:} 
17... Ne7 18. Ng5 Rdf8 19. Nh7 Rd8 20. Nf6 Rg6 21. h4 Bb5 22. Rxb5 axb5 {
0-1 (75) Kovar,V (2252)-Pilar,M (2259) Czech Republic 2009}) 18. exf6 $18 e5 {
...e4 is the strong threat.} 19. Qxd5 Bg4 {[#]} (19... exf4 $142 20. f7 Rgf8)
20. Qc5 $1 ({Not} 20. f7 Rgf8 $16) 20... Bxf3 21. gxf3 Qh7 {White should
prevent ...Qh4+.} 22. h4 Qg6 $2 (22... e4 {is a better defense.} 23. f7 Qxf7)
23. fxe5 ({Weaker is} 23. Bh3+ Kb8 $16) 23... Qg3+ 24. Ke2 Rge8 25. f4 ({
Don't blunder} 25. Bh3+ $2 Kb8 $19) 25... Kb8 26. Be3 Qg4+ 27. Kf2 Rg8 28. Rh3
Rd4 29. f7 Rxf4+ 30. Bxf4 Qxf4+ 31. Rf3 Qxh4+ 32. Ke3 Qh6+ 33. Ke2 Rf8 34. Bh3
Qg7 35. Rg1 {Black got outplayed after the opening.  Weighted Error Value:
White=0.04/Black=0.63} 1-0

[Event "23rd ETCC Open 2021"]
[Site "Catez"]
[Date "2021.11.16"]
[Round "5.19"]
[White "Paichadze, Luka"]
[Black "Kuzubov, Yuriy"]
[Result "1/2-1/2"]
[WhiteElo "2551"]
[BlackElo "2637"]
[Annotator "TA"]
[PlyCount "50"]
[EventDate "2021.11.08"]
[EventType "team-tourn"]
[EventCountry "SLO"]
[SourceTitle "playchess.com"]
[Source "ChessBase"]
[SourceQuality "1"]
[WhiteTeam "Georgia"]
[BlackTeam "Ukraine"]
[WhiteTeamCountry "GEO"]
[BlackTeamCountry "UKR"]

{[%evp 9,50,-7,-7,0,0,0,0,0,0,0,19,-15,-6,-17,-17,-17,-15,-17,-14,-12,0,0,0,0,
-2,-5,0,0,0,0,0,0,0,0,0,0,0,0,0,0,0,0,2]} 1. e4 e5 2. Nc3 Nc6 3. Bc4 Nf6 4. d3
Na5 5. a3 Nxc4 {The position is equal.} 6. dxc4 {C28: Vienna Game: 2...Nf6 3
Bc4 Nc6.} d6 7. Nge2 Be6 8. Qd3 {[#]} Nd7 $146 ({Predecessor:} 8... c6 9. b3
Be7 10. Bg5 Qb6 11. O-O Rd8 12. Ng3 Qd4 13. h3 Qxd3 14. cxd3 O-O {1-0 (29)
Dgebuadze,A (2524)-Geenen,M (2258) Charleroi 2017}) 9. b3 Be7 10. Ng3 g6 11.
Bh6 Bg5 12. Bxg5 Qxg5 13. h4 Qe7 14. h5 Nc5 15. Qd2 O-O-O 16. Nd5 Bxd5 17. cxd5
Rdf8 18. O-O-O Rhg8 19. hxg6 hxg6 20. Rh7 Nd7 21. Rdh1 Nf6 22. R7h4 Nd7 23. Rh7
Nf6 24. R7h4 Nd7 25. Rh7 Nf6 {An uneventful encounter.  Weighted Error Value:
White=0.02/Black=0.02} 1/2-1/2

[Event "23rd ETCC Open 2021"]
[Site "Catez"]
[Date "2021.11.16"]
[Round "5.20"]
[White "Shevchenko, Kirill"]
[Black "Pantsulaia, Levan"]
[Result "1/2-1/2"]
[WhiteElo "2647"]
[BlackElo "2571"]
[Annotator "TA"]
[PlyCount "45"]
[EventDate "2021.11.08"]
[EventType "team-tourn"]
[EventCountry "SLO"]
[SourceTitle "playchess.com"]
[Source "ChessBase"]
[SourceQuality "1"]
[WhiteTeam "Ukraine"]
[BlackTeam "Georgia"]
[WhiteTeamCountry "UKR"]
[BlackTeamCountry "GEO"]

{[%evp 16,45,52,10,41,30,35,41,42,35,26,22,13,16,75,33,26,26,27,26,26,0,0,0,0,
0,0,0,0,0,0,0]} 1. d4 Nf6 2. c4 c5 3. d5 e6 4. Nc3 exd5 5. cxd5 d6 6. e4 g6 7.
f4 Bg7 8. Bb5+ Nfd7 9. a4 Na6 {A67: Modern Benoni: Taimanov Variation.} 10. Nf3
Nb4 11. O-O a6 {White is slightly better.} 12. Be2 O-O {[#]} 13. f5 $146 ({
Predecessor:} 13. Re1 f5 14. e5 dxe5 15. d6 e4 16. Bc4+ Kh8 17. Ng5 Nb6 18.
Nf7+ Rxf7 19. Bxf7 {0-1 (57) Flom,G (2474)-Haring,F (2376) Tornelo INT 2021})
13... Ne5 14. Bf4 Re8 (14... Nxf3+ $11 15. Bxf3 (15. gxf3 gxf5 16. Kh1 Kh8 $15)
15... gxf5) 15. Qd2 gxf5 16. Nxe5 Bxe5 17. Bxe5 Rxe5 18. Qh6 {aiming for Rf3.}
(18. Rf3 $5 {[%cal Rf3g3]} Qh4 19. Rh3 $11) 18... Qf8 $1 {[%cal Rf8h6] The
position is equal.} 19. Qg5+ Qg7 $1 {[%cal Rg7g5]} 20. Qd8+ {[%mdl 64] [#]
Double Attack} Qf8 21. Qg5+ Qg7 $1 {[%cal Rg7g5]} 22. Qd8+ {[%mdl 64] Double
Attack} Qf8 23. Qg5+ {Weighted Error Value: White=0.11/Black=0.12} 1/2-1/2

[Event "23rd ETCC Open 2021"]
[Site "Catez"]
[Date "2021.11.16"]
[Round "5.21"]
[White "Donchenko, Alexander"]
[Black "Deac, Bogdan-Daniel"]
[Result "0-1"]
[WhiteElo "2645"]
[BlackElo "2651"]
[Annotator "TA"]
[PlyCount "86"]
[EventDate "2021.11.08"]
[EventType "team-tourn"]
[EventCountry "SLO"]
[SourceTitle "playchess.com"]
[Source "ChessBase"]
[SourceQuality "1"]
[WhiteTeam "Germany"]
[BlackTeam "Romania"]
[WhiteTeamCountry "GER"]
[BlackTeamCountry "ROU"]

{[%evp 9,86,18,30,17,21,31,25,18,31,24,25,0,0,0,0,-31,-44,-42,-31,-31,-37,-70,
-56,-88,-60,-95,-83,-93,-75,-113,-119,-89,-80,-90,-52,-60,-45,-57,-21,-31,-25,
-117,0,-122,-25,-22,-20,-12,-15,-22,-21,-24,-23,-26,-32,-43,0,-61,-73,-142,
-122,-147,-156,-272,-265,-245,-251,-277,-278,-384,-358,-599,-583,-2133,-6022,
-6022,-5497,-1635,-1483]} 1. d4 Nf6 2. c4 g6 3. Nf3 Bg7 4. e3 c5 5. d5 e6 6.
Nc3 {E60: King's Indian: Unusual lines and Fianchetto Variation without Nc3.}
O-O 7. Bd3 d6 8. h3 {White has an edge.} exd5 9. cxd5 Na6 10. a4 Nb4 11. Bb1 {
[#]} Nd7 $146 ({Predecessor:} 11... b6 12. O-O Re8 13. Re1 Ba6 14. e4 Nd7 15.
Be3 Ne5 16. Nxe5 Bxe5 17. f4 Bg7 {1-0 (31) Radkov,B (2192)-Sheynin,I (1939) St
Petersburg 2017}) 12. O-O f5 13. Qb3 Ne5 14. Nxe5 Bxe5 15. Ne2 a5 16. Bd2 b6
17. Bc3 Ba6 18. Re1 Qh4 19. Qd1 Rae8 $1 20. Qd2 g5 21. Ra3 Bc4 22. Rc1 Bxe2 (
22... Nxd5 23. Bxe5 dxe5 24. Rxc4 $1 $18 {[%mdl 512]} (24. g3 Qxh3 25. Rxc4 Nf6
$16)) 23. Qxe2 f4 ({Not} 23... Nxd5 $2 24. Ba2 $18) 24. Bxe5 Rxe5 25. Rc4 {[#]}
(25. e4 $11 {remains equal.}) 25... Nxd5 (25... f3 $1 $17 {[%cal Rf3e2]} 26.
Qf1 (26. gxf3 Qxh3) 26... fxg2 27. Kxg2 Qh5) 26. Qd3 (26. Re4 $11 {keeps the
balance.} Rxe4 27. Bxe4) 26... Qh6 (26... Kh8 $17 {...g4 is the strong threat.}
27. Re4 (27. e4 $2 f3 $19) 27... Rxe4 28. Qxe4 fxe3 29. Qxh4 gxh4 30. fxe3 Rf6)
27. Re4 $1 $11 {[%cal Re4e5]} Nb4 28. Qb3+ Kg7 29. Rxe5 $1 dxe5 30. Be4 Rd8 {
And now ...g4! would win.} 31. Ra1 Qf6 $36 {[%mdl 2048] White is under
pressure.} 32. Qc3 h5 33. Re1 (33. Qe1 $11) 33... g4 $15 34. hxg4 (34. b3 $142)
34... hxg4 $17 35. exf4 exf4 ({But not} 35... Qxf4 $6 36. g3 $11) 36. Bf5 (36.
Bb1 $17 {is a better defense.} Qxc3 37. bxc3) 36... Qxc3 $19 37. bxc3 {[%mdl
4096] Endgame [#] KRB-KRN} Na2 38. c4 g3 39. Bg4 Rd4 40. Rb1 $2 (40. Bd1) 40...
Rxc4 {Black is clearly winning.} 41. Be6 Rc1+ 42. Rxc1 Nxc1 43. Bc4 Kf6 {
Weighted Error Value: White=0.50/Black=0.14} 0-1

[Event "23rd ETCC Open 2021"]
[Site "Catez"]
[Date "2021.11.16"]
[Round "5.22"]
[White "Parligras, Mircea-Emilian"]
[Black "Keymer, Vincent"]
[Result "1/2-1/2"]
[WhiteElo "2576"]
[BlackElo "2639"]
[Annotator "TA"]
[PlyCount "69"]
[EventDate "2021.11.08"]
[EventType "team-tourn"]
[EventCountry "SLO"]
[SourceTitle "playchess.com"]
[Source "ChessBase"]
[SourceQuality "1"]
[WhiteTeam "Romania"]
[BlackTeam "Germany"]
[WhiteTeamCountry "ROU"]
[BlackTeamCountry "GER"]

{[%evp 26,69,13,14,4,0,25,2,14,6,5,5,8,8,8,8,8,8,8,8,12,9,5,0,0,0,0,0,0,0,0,0,
0,0,0,0,0,0,0,0,0,0,0,0,0,0]} 1. d4 Nf6 2. c4 e6 3. Nf3 d5 4. Nc3 c5 5. cxd5
Nxd5 6. e4 Nxc3 7. bxc3 cxd4 8. cxd4 Bb4+ 9. Bd2 Bxd2+ 10. Qxd2 O-O 11. Bc4 Nd7
12. O-O b6 13. Rad1 Bb7 14. Rfe1 Rc8 {D41: Queen's Gambit Declined:
Semi-Tarrasch with 5 cxd5.} 15. Bb3 h6 16. h3 Nf6 {The position is equal.} 17.
Qf4 Qc7 18. Qxc7 Rxc7 19. d5 exd5 20. exd5 {[#] Hoping for d6.} Rd7 {[%cal
Rb7d5]} 21. Ne5 Rd6 {[%cal Rb7d5]} 22. Nc4 Rxd5 23. Ne5 Ra5 {[#]} 24. Nd7 $146
({Predecessor:} 24. Rd6 Ne4 25. Rd7 Rxe5 26. Rxb7 {1/2-1/2 (26) Isigkeit,H 
(2387)-Klapp,H (2326) ICCF email 2017}) 24... Nxd7 25. Rxd7 Bc6 26. Rc7 Bd5 27.
Bxd5 Rxd5 28. Rxa7 $11 {[%mdl 4096] Endgame KRR-KRR} Rc8 29. a4 Rf5 30. Rae7
Rc2 31. Re8+ Kh7 32. R8e2 Rxe2 33. Rxe2 Rf4 34. Rb2 Rxa4 35. Rxb6 {An
uneventful encounter.  Weighted Error Value: White=0.02/Black=0.02} 1/2-1/2